| 000 | 01375cas a22003737a 4500 | ||
|---|---|---|---|
| 005 | 20220329142318.0 | ||
| 008 | 000609d1957 ec ar pernn 0 b1spa d | ||
| 010 | _a81487 | ||
| 011 | _a82459 | ||
| 022 | _a0185-0008 | ||
| 035 | _a92955 | ||
| 245 | 0 | 0 |
_aCiencia y Naturaleza _c/por Universidad Central del Ecuador. Instituto de Ciencias Naturales |
| 260 | 0 |
_aQuito, Ecuador : _bUniversidad Central del Ecuador. Instituto de Ciencias Naturales, _c1957- |
|
| 300 | _av. | ||
| 310 | _aAnual | ||
| 362 | _av.24 n.1,1983. | ||
| 500 | _aSe dejó de recibir a partir del v.24 n.1,1983. | ||
| 590 |
_aBATCH-UPD _b10 _c20130110 _lUCH01 _h0321 |
||
| 590 |
_aBATCH-UPD _b10 _c20130409 _lUCH01 _h2354 |
||
| 590 |
_aBATCH-UPD _b10 _c20130914 _lUCH01 _h0737 |
||
| 590 |
_aCONVERSION _b10 _c20130109 _lUCH01 _h1345 |
||
| 650 | 1 | 4 |
_aBotánica _xEcuadors _xPublicaciones periódicas. _914535 |
| 650 | 1 | 4 |
_aCiencias naturales _xPublicaciones periódicas. _923192 |
| 650 | 1 | 4 |
_aMigración interna _xPublicaciones periódicas. _975605 |
| 866 | _av.1 n.1-2 (1957) | ||
| 866 | _av.12 n.1 (1969) | ||
| 866 | _av.13 n.1-v.14 n.1 (1972-1973) | ||
| 866 | _av.15 n.1-v.24 n.1 (1974-1983) | ||
| 866 | _av.2 n.2-v.4 n.1 (1959-1961) | ||
| 866 | _av.5 n.1 (1962) | ||
| 866 | _av.6 n.1-v.8 n.1 (1963-1965) | ||
| 901 | _aSE | ||
| 905 | _aLilia Sánchez G. | ||
| 999 |
_c81487 _d81487 |
||